La escuela de Wallace Stevens : (Record no. 181877)

MARC details
000 -LEADER
campo de control de longitud fija 01027nam a2200277 i 4500
001 - NÚMERO DE CONTROL
campo de control 181877
003 - IDENTIFICADOR DE NÚMERO DE CONTROL
campo de control ES-MaACL
005 - FECHA Y HORA DE LA ÚLTIMA TRANSACCIÓN
campo de control 20231021151448.0
008 - DATOS DE LONGITUD FIJA--INFORMACIÓN GENERAL
campo de control de longitud fija 130503s2011 sp | |||||||| | spa d
020 ## - NÚMERO INTERNACIONAL ESTÁNDAR DEL LIBRO
Número Internacional Estándar del Libro 978-84-15168-03-4
080 ## - NÚMERO DE LA CLASIFICACIÓN DECIMAL UNIVERSAL
Número de la Clasificación Decimal Universal 821.111(73)-14"19"(082.2)
245 03 - MENCIÓN DEL TÍTULO
Título La escuela de Wallace Stevens :
Resto del título un perfil de la poesía estadounidense contemporánea /
Mención de responsabilidad, etc. [selección], textos introductorios de Harold Bloom ; edición, traducción y notas de Jeannette L. Clariond.
250 ## - MENCION DE EDICION
Mención de edición 1ª ed.
260 ## - PUBLICACIÓN, DISTRIBUCIÓN, ETC.
Lugar de publicación, distribución, etc. Madrid :
Nombre del editor, distribuidor, etc. Vaso Roto,
Fecha de publicación, distribución, etc. 2011.
300 ## - DESCRIPCIÓN FÍSICA
Extensión 814 p. ;
Dimensiones 22 cm.
490 1# - MENCIÓN DE SERIE
Mención de serie Poesía ;
Designación de volumen o secuencia 19
504 ## - NOTA DE BIBLIOGRAFÍA, ETC.
Nota de bibliografía, etc. Bibliografía: p. 812-814.
546 ## - NOTA DE IDIOMA
Nota de lengua/lenguaje Textos en inglés y traducción al español.
650 #4 - PUNTO DE ACCESO ADICIONAL DE MATERIA--TÉRMINO DE MATERIA
Término de materia o nombre geográfico como elemento de entrada Poesía norteamericana-
Subdivisión cronológica S.XX.
9 (RLIN) 152680
700 0# - ENTRADA AGREGADA--NOMBRE PERSONAL
Nombre de persona Bloom, Harold.
9 (RLIN) 29559
700 1# - ENTRADA AGREGADA--NOMBRE PERSONAL
Nombre de persona Clariond, Jeannette L.
9 (RLIN) 138742
830 0# - PUNTO DE ACCESO ADICIONAL DE SERIE-TÍTULO UNIFORME
Título uniforme Poesía ;
Designación de volumen o secuencia 19
9 (RLIN) 177794
852 ## - LOCALIZACIÓN
Ubicación ES-MaACL
Número de control de estantería A-12693
itemnumber 188785
Sublocalización o colección R.148660
Ubicación en estantería Depósito 1
Signatura antigua Olim: N-5694
942 ## - ELEMENTOS DE ENTRADA SECUNDARIOS (KOHA)
Fuente del sistema de clasificación o colocación Clasificación decimal universal
Tipo de ítem Koha Libro impreso
Holdings
Estatus retirado Estado de pérdida Fuente del sistema de clasificación o colocación Estado de daño No para préstamo Biblioteca de origen Biblioteca actual Ubicación en estantería Fecha de adquisición Fuente de adquisición Total de préstamos Signatura topográfica completa Código de barras Visto por última vez Precio de reemplazo Tipo de ítem Koha
    Clasificación decimal universal     Biblioteca del Ateneo de Madrid Biblioteca del Ateneo de Madrid Depósito 1 03/05/2013 Compra   A-12693 1191135 23/02/2023 23/02/2023 Libro impreso